|
|
|
|
| LEADER |
00000nab a2200000 i 4500 |
| 001 |
publ1010 |
| 005 |
20190321105128.0 |
| 008 |
190321s2018 hu o 000 zxx d |
| 040 |
|
|
|a BGE Publikációtár Repozitórium
|b hun
|
| 100 |
1 |
|
|a Majoros Pál
|
| 245 |
1 |
0 |
|a Japan in the Web of Integrations
|c Majoros Pál
|h [elektronikus dokumentum]
|
| 260 |
|
|
|c 2018
|
| 300 |
|
|
|a 38-59
|
| 490 |
0 |
|
|a ECONOMIC DEVELOPMENT STRATEGIES OF CHANGING EAST-ASIAN COUNTRIES AFTER 2009
|
| 650 |
|
4 |
|a közgazdaságtudományok
|
| 695 |
|
|
|a Japán
|
| 695 |
|
|
|a Integráció
|
| 856 |
4 |
0 |
|u https://publikaciotar.uni-bge.hu/id/eprint/1010/1/majoros.pdf
|z Dokumentum-elérés
|